| 000 | 00658nam a2200229 a 4500 | ||
|---|---|---|---|
| 005 | 20230829063534.0 | ||
| 008 | 060524s2004 mx r 000 0 spa d | ||
| 020 | _a9870004334 | ||
| 035 | _aUPN01000144692 | ||
| 049 | _aCG | ||
| 050 | 4 |
_aBX2385 _bO7.2 |
|
| 100 | 1 | _aOrione, Luis | |
| 245 | 1 | 3 |
_aUn corazón sin límite / _cLuis Orione ; tr. Fiorella Frediani. |
| 260 |
_aBuenos Aires : _bLumen, _c2004. |
||
| 300 | _a93 p. | ||
| 440 | 0 | _aLumen bolsillo | |
| 534 |
_pTraducción de: _tHe aperto le braccia e il cuore |
||
| 650 | 4 |
_aVIDA RELIGIOSA _99771 |
|
| 650 | 0 |
_aReligión _xFilosofía _97889 |
|
| 650 | 2 |
_aEspiritualidad _97223 |
|
| 905 | _aLibro | ||
| 999 |
_c116839 _d116839 |
||